Normal view MARC view

Entry Personal Name

Number of records used in: 2

001 - CONTROL NUMBER

  • control field: 84757

003 - CONTROL NUMBER IDENTIFIER

  • control field: dpl

005 - DATE AND TIME OF LATEST TRANSACTION

  • control field: 20250904125046.0

008 - FIXED-LENGTH DATA ELEMENTS

  • fixed length control field: 250904|| aca||aabn | a|a d

040 ## - CATALOGING SOURCE

  • Original cataloging agency: dpl
  • Transcribing agency: dpl

100 ## - HEADING--PERSONAL NAME

  • Personal name: Marya Shakil

670 ## - SOURCE DATA FOUND

  • Source citation: Work cat.: (dpl)209358: Marya Shakil, India on the Move: When Jai Shree RAM Met Bharat Mata KI Jai / , 2024

© Delhi Public Library
Hit Counter
free hit counter